<?xml version="1.0" encoding="UTF-8"?>
<record
    xmlns:xsi="http://www.w3.org/2001/XMLSchema-instance"
    xsi:schemaLocation="http://www.loc.gov/MARC21/slim http://www.loc.gov/standards/marcxml/schema/MARC21slim.xsd"
    xmlns="http://www.loc.gov/MARC21/slim">

  <leader>00842nam a2200181   4500</leader>
  <controlfield tag="001">157140</controlfield>
  <controlfield tag="003">ES-MaACL</controlfield>
  <controlfield tag="005">20250830061158.0</controlfield>
  <controlfield tag="008">950322s1822    sp           |||| | spa d</controlfield>
  <datafield tag="040" ind1=" " ind2=" ">
    <subfield code="a">EUS </subfield>
    <subfield code="b">spa </subfield>
    <subfield code="c">EUS</subfield>
  </datafield>
  <datafield tag="245" ind1="0" ind2="0">
    <subfield code="a">Larraga del a&#xF1;o 1822, &#xF3; Prontuario de teolog&#xED;a moral conforme &#xE1; las doctrinas eclesi&#xE1;sticas y pol&#xED;ticas vigentes en Espa&#xF1;a </subfield>
    <subfield code="b">: obra interesante, no solo &#xE1; los eclei&#xE1;sticos, sino &#xE1; los seculares de uno y otro sexo / </subfield>
    <subfield code="c">por dos individuos del clero espa&#xF1;ol amantes de sus compratiotas.</subfield>
  </datafield>
  <datafield tag="260" ind1=" " ind2=" ">
    <subfield code="a">Madrid : </subfield>
    <subfield code="b">[s.n.], </subfield>
    <subfield code="c">1822 (</subfield>
    <subfield code="f">Imprenta de D.Juan Brugada)</subfield>
  </datafield>
  <datafield tag="300" ind1=" " ind2=" ">
    <subfield code="a">2 v. ; </subfield>
    <subfield code="c">21 cm.</subfield>
  </datafield>
  <datafield tag="650" ind1=" " ind2="7">
    <subfield code="a">Moral cristiana</subfield>
    <subfield code="2"></subfield>
    <subfield code="9">142371</subfield>
  </datafield>
  <datafield tag="700" ind1="0" ind2="1">
    <subfield code="a">Individuos del clero espa&#xF1;ol amantes de sus compratiotas, dos.</subfield>
    <subfield code="9">222722</subfield>
  </datafield>
  <datafield tag="852" ind1=" " ind2=" ">
    <subfield code="a">ES-MaACL</subfield>
    <subfield code="j">G-13156-13157 </subfield>
    <subfield code="z">-- Enc. hol.</subfield>
  </datafield>
  <datafield tag="999" ind1=" " ind2=" ">
    <subfield code="c">157140</subfield>
    <subfield code="d">157140</subfield>
  </datafield>
  <datafield tag="952" ind1=" " ind2=" ">
    <subfield code="0">0</subfield>
    <subfield code="1">0</subfield>
    <subfield code="4">0</subfield>
    <subfield code="7">0</subfield>
    <subfield code="8">LIBXIX</subfield>
    <subfield code="a">ATENEOM</subfield>
    <subfield code="b">ATENEOM</subfield>
    <subfield code="c">SPP3</subfield>
    <subfield code="d">2008-01-17</subfield>
    <subfield code="e">SSC</subfield>
    <subfield code="l">0</subfield>
    <subfield code="o">G-13156-13157</subfield>
    <subfield code="p">1164416</subfield>
    <subfield code="r">2023-02-23 00:00:00</subfield>
    <subfield code="w">2023-02-23</subfield>
    <subfield code="y">MONANT</subfield>
  </datafield>
</record>
